The finite element method : a practical course (Record no. 234146)

MARC details
000 -LEADER
fixed length control field 00434nam a2200169Ia 4500
005 - DATE AND TIME OF LATEST TRANSACTION
control field 20241206171106.0
008 - FIXED-LENGTH DATA ELEMENTS--GENERAL INFORMATION
fixed length control field 231221s9999 xx 000 0 und d
020 ## - INTERNATIONAL STANDARD BOOK NUMBER
International Standard Book Number 9789351071594
082 ## - DEWEY DECIMAL CLASSIFICATION NUMBER
Classification number 620.1 LIU;1 R
100 ## - MAIN ENTRY--PERSONAL NAME
Personal name Liu, G R. Quek, S S.
245 #4 - TITLE STATEMENT
Title The finite element method : a practical course
250 ## - EDITION STATEMENT
Edition statement 2nd ed.
260 ## - PUBLICATION, DISTRIBUTION, ETC. (IMPRINT)
Date of publication, distribution, etc. 2014
Name of publisher, distributor, etc. Elsevier
Place of publication, distribution, etc. Amsterdam
300 ## - PHYSICAL DESCRIPTION
Extent xxi, 433
650 ## - SUBJECT ADDED ENTRY--TOPICAL TERM
Topical term or geographic name as entry element finite
942 ## - ADDED ENTRY ELEMENTS (KOHA)
Koha item type Arch Books
Holdings
Date last seen Total Checkouts Full call number Accession number Old discount Cost, replacement price Price effective from Category Lost status Source of classification or shelving scheme Damaged status Department Withdrawn status bill no. Permanent Location Current Location Shelving location Entry date Vendor Cost, normal purchase price Grants Currency symbol Conversion rate Discount Discount type Date checked out
26/01/2024   620.1 LIU;1 R AR892 27.5 337.12 26/01/2024 Arch Books   Dewey Decimal Classification       166 Architecture Library Architecture Library ARCH 31/01/2018 Prajwal Books Suppliers 465.00 Design RS 1 127.88 Rupees  
16/05/2025 1 620.1 LIU;2 R1 AR893 27.5 337.12 26/01/2024 Arch Books   Dewey Decimal Classification       166 Architecture Library Architecture Library ARCH 31/01/2018 Prajwal Books Suppliers 465.00 Design RS 1 127.88 Rupees 19/12/2024

© For any Suggestions or Query, please contact the library staff @ librarian@pes.edu or Phone: +9180 2672 1983/ 2108.